|
|
|
|
| LEADER |
00000cas a2200000 a 4500 |
| 001 |
vtls008413554 |
| 003 |
SK-MaSNL |
| 005 |
20260228160927.0 |
| 008 |
150320d20032011xo mr|p 0 b0slo c |
| 022 |
|
|
|a 1336-331X
|
| 022 |
|
|
|y 1336-3317
|
| 035 |
|
|
|a (SVKBB03)vtls000191478
|
| 040 |
|
|
|a SVKPO
|b slo
|c SVKPO
|d SNK
|d SAVUK
|e AACR2
|
| 041 |
1 |
|
|a slo
|b cze
|
| 044 |
|
|
|a xo
|c SK
|
| 072 |
|
7 |
|a 629
|x Dopravné prostriedky
|2 konspekt
|
| 072 |
|
7 |
|a 796
|x Šport. Hry. Telesné cvičenia
|2 konspekt
|
| 080 |
|
|
|a 796.7
|2 2001
|
| 080 |
|
|
|a 050
|2 2001
|
| 080 |
|
|
|a 629.326.5
|2 2001
|
| 210 |
0 |
|
|a Enduro aktuál
|
| 222 |
|
0 |
|a Enduro aktuál
|
| 245 |
0 |
0 |
|a Enduro aktuál
|b prvý slovenský časopis pre priaznivcov endura
|
| 246 |
1 |
3 |
|a Enduro aktuál motoride
|f 3/2008-3/2011
|
| 246 |
1 |
3 |
|a Enduro aktuál motor report
|f 4/2011-8/2011
|
| 260 |
|
|
|a Košice
|b Sport centrum enduro
|c 2003-2011
|
| 260 |
3 |
|
|3 1/2006-8/2011
|a Košice
|b Ecce rallye
|
| 300 |
|
|
|a 9 zv.
|c 30 cm
|
| 310 |
|
|
|a 1x mesačne
|
| 362 |
0 |
|
|a Roč. 1, č. 1 (2003)-roč. 9, č. 8 (2011)
|
| 500 |
|
|
|a Zmena podnázvu: od 6/2003 prvý slovensko-český časopis pre priaznivcov endura, od 1/2004 mesačník pre priaznivcov motocyklového športu, od 5/2008 bez podnázvu
|
| 500 |
|
|
|a Reg. číslo: 2914/2002
|
| 500 |
|
|
|a Šéfredaktor: Alena Dudeková
|
| 500 |
|
|
|a ISSN uvedené na časopise sa nezhoduje s ISSN prevzatým z Národnej agentúry ISSN
|
| 500 |
|
|
|a Od č. 9/2011 zmena názvu časopisu z Enduro Aktuál na Motoreport
|
| 546 |
|
|
|a Čiast. text v češ.
|
| 650 |
0 |
7 |
|a motorizmus
|2 SNKPH
|9 3265
|
| 650 |
0 |
7 |
|a enduro
|2 SNKPH
|9 90226
|
| 650 |
0 |
7 |
|a motocykle
|2 SNKPH
|9 23508
|
| 650 |
0 |
7 |
|a motocyklové preteky
|2 SNKPH
|9 58364
|
| 655 |
|
7 |
|a špecializované časopisy
|2 SNKPH
|9 70509
|
| 700 |
1 |
|
|a Dudeková, Alena
|4 pbd
|9 267614
|
| 785 |
0 |
0 |
|t Motoreport
|w vtls010355319
|
| 852 |
|
|
|a Štátna vedecká knižnica v Banskej Bystrici
|
| 910 |
|
|
|a snk
|
| 910 |
|
|
|a savuk
|
| 916 |
|
|
|a 2003-2011
|
| 958 |
|
|
|a OND
|
| 999 |
|
|
|c 3931
|d 5861
|
| 952 |
|
|
|0 0
|1 0
|4 0
|7 0
|8 0
|a SNK
|b SNK
|d 2015-03-18
|f 1
|i snk2015/9417
|l 0
|o snkČSB 5958/1/2003
|p 17A1143384
|r 2026-02-21 21:04:19
|t č. 1-12, neúpl.
|w 2026-02-21
|y PREZ
|z chýba č. 1
|
| 952 |
|
|
|0 0
|1 0
|4 0
|7 0
|8 0
|a SNK
|b SNK
|d 2015-03-18
|i snk2015/9427
|l 0
|o snkČSB 5958/1/2003 D1
|p 17A1143383
|r 2026-02-21 21:04:19
|t č.1-12, neúpl.
|w 2026-02-21
|y PREZ
|z chýba č. 1
|
| 952 |
|
|
|0 0
|1 0
|4 0
|7 0
|8 0
|a SNK
|b SNK
|d 2015-03-18
|f 1
|i snk2015/9431
|l 0
|o snkČSB 5958/2/2004
|p 17A1143373
|r 2026-02-21 21:04:19
|t č. 1-12
|w 2026-02-21
|y PREZ
|
| 952 |
|
|
|0 0
|1 0
|4 0
|7 0
|8 0
|a SNK
|b SNK
|d 2015-03-18
|i snk2015/9436
|l 0
|o snkČSB 5958/2/2004 D1
|p 17A1143374
|r 2026-02-21 21:04:19
|t č. 1-12, neúpl
|w 2026-02-21
|y PREZ
|z chýba č. 12
|
| 952 |
|
|
|0 0
|1 0
|4 0
|7 0
|8 0
|a SNK
|b SNK
|d 2015-03-18
|f 1
|i snk2015/9447
|l 0
|o snkČSB 5958/3/2005
|p 17A1143375
|r 2026-02-21 21:04:19
|t č. 1-11
|w 2026-02-21
|y PREZ
|
| 952 |
|
|
|0 0
|1 0
|4 0
|7 0
|8 0
|a SNK
|b SNK
|d 2015-03-18
|i snk2015/9454
|l 0
|o snkČSB 5958/3/2005 D1
|p 17A1143376
|r 2026-02-21 21:04:19
|t č. 1-11
|w 2026-02-21
|y PREZ
|
| 952 |
|
|
|0 0
|1 0
|4 0
|7 0
|8 0
|a SNK
|b SNK
|d 2015-03-18
|f 1
|i snk2015/9463
|l 0
|o snkČSB 5958/4/2006
|p 17A1143377
|r 2026-02-21 21:04:19
|t č. 1-12
|w 2026-02-21
|y PREZ
|
| 952 |
|
|
|0 0
|1 0
|4 0
|7 0
|8 0
|a SNK
|b SNK
|d 2015-03-18
|i snk2015/9474
|l 0
|o snkČSB 5958/4/2006 D1
|p 17A1143378
|r 2026-02-21 21:15:18
|t č. 1-12
|w 2026-02-21
|y PREZ
|
| 952 |
|
|
|0 0
|1 0
|4 0
|7 0
|8 0
|a SNK
|b SNK
|d 2015-03-18
|f 1
|i snk2015/9488
|l 0
|o snkČSB 5958/5/2007
|p 17A1143379
|r 2026-02-21 21:15:18
|t č. 1-12
|w 2026-02-21
|y PREZ
|
| 952 |
|
|
|0 0
|1 0
|4 0
|7 0
|8 0
|a SNK
|b SNK
|d 2015-03-18
|i snk2015/9489
|l 0
|o snkČSB 5958/5/2007 D1
|p 17A1143380
|r 2026-02-21 21:15:18
|t č. 1-12
|w 2026-02-21
|y PREZ
|
| 952 |
|
|
|0 0
|1 0
|4 0
|7 0
|8 0
|a SNK
|b SNK
|d 2015-03-18
|f 1
|i snk2015/9491
|l 0
|o snkČSB 5958/6/2008
|p 17A1143381
|r 2026-02-21 21:15:18
|t č. 1-12
|w 2026-02-21
|y PREZ
|
| 952 |
|
|
|0 0
|1 0
|4 0
|7 0
|8 0
|a SNK
|b SNK
|d 2015-03-18
|i snk2015/9496
|l 0
|o snkČSB 5958/6/2008 D1
|p 17A1143382
|r 2026-02-21 21:15:19
|t č. 1-12, neúpl.
|w 2026-02-21
|y PREZ
|z chýba č. 10
|
| 952 |
|
|
|0 0
|1 0
|4 0
|7 0
|8 0
|a SNK
|b SNK
|d 2015-03-18
|f 1
|i snk2015/9503
|l 0
|o snkČSB 5958/7/2009
|p 17A1143385
|r 2026-02-21 21:15:19
|t č. 1-12
|w 2026-02-21
|y PREZ
|
| 952 |
|
|
|0 0
|1 0
|4 0
|7 0
|8 0
|a SNK
|b SNK
|d 2015-03-18
|i snk2015/9507
|l 0
|o snkČSB 5958/7/2009 D1
|p 17A1143386
|r 2026-02-21 21:15:19
|t č. 1-12
|w 2026-02-21
|y PREZ
|
| 952 |
|
|
|0 0
|1 0
|4 0
|7 0
|8 0
|a SNK
|b SNK
|d 2015-03-18
|f 1
|i snk2015/9513
|l 0
|o snkČSB 5958/8/2010
|p 17A1143387
|r 2026-02-21 21:15:19
|t č. 1-12
|w 2026-02-21
|y PREZ
|
| 952 |
|
|
|0 0
|1 0
|4 0
|7 0
|8 0
|a SNK
|b SNK
|d 2015-03-18
|i snk2015/9515
|l 0
|o snkČSB 5958/8/2010 D1
|p 17A1143388
|r 2026-02-21 21:15:19
|t č. 1-12
|w 2026-02-21
|y PREZ
|
| 952 |
|
|
|0 0
|1 0
|4 0
|7 0
|8 0
|a SNK
|b SNK
|d 2015-03-18
|f 1
|i snk2015/9527
|l 0
|o snkČSB 5958/9/2011
|p 17A1143389
|r 2026-02-21 21:15:19
|t č. 1-12
|w 2026-02-21
|y PREZ
|
| 952 |
|
|
|0 0
|1 0
|4 0
|7 0
|8 0
|a SNK
|b SNK
|d 2015-03-18
|i snk2015/9530
|l 0
|o snkČSB 5958/9/2011 D1
|p 17A1143390
|r 2026-02-21 21:15:25
|t č. 1-12
|w 2026-02-21
|y PREZ
|